000 00696nam a22001817a 4500
003 UA-OsUOA
001 17400
007 ta
008 20040225b un ||||| |||| 00| 0 ukr d
100 _aЧуприна О.П.
942 _cSA
040 _aUA-OsUOA
_cUA-OsUOA
_dUA-OsUOA
245 _aТа печім калачі з ярої пшениці
_b[Розмова із заст. голови облдержадміністрації О.П.Чуприною про те в якому стані перебуває нині агроринок обл.]
300 _aС.2
955 _a0
773 0 _w0
_tВільне слово
_dРівне
_d2004
_g№15/20 лют./
650 7 _aАгроринок
_2UDC
999 _c303568
_d303568